000
00182 a2200097 4500
001
46079
100
_a
245
_a
Air Navigation
260
_a
India
_b
_c
090
_c
29183
_d
29183
942
_a
NUST-CAE
_c
M
_c
21317
999
_c
281152
_d
281152